Scary Mask - Poppy - Statistics

General Stats
  • This quiz has been taken 10 times
    9 since last reset
  • The average score is 211 of 253
Answer Stats
% Correct
A
100%
am
100%
I
100%
K,
100%
M
100%
mask
100%
S
100%
scary
100%
afraid
86%
at
86%
belong
86%
brain
86%
can't
86%
coming
86%
don't
86%
gonna
86%
I'm
86%
it
86%
it's
86%
look
86%
looking
86%
me
86%
my
86%
never
86%
Never
86%
not
86%
off,
86%
off
86%
okay?
86%
read
86%
see
86%
so
86%
stop
86%
take
86%
touch
86%
until
86%
wear
86%
when
86%
You
86%
you
86%
alright
71%
ain't
57%
away
57%
fucking
57%
heard
57%
scared
57%
the
57%
tonight
57%
woman
57%
but
43%
Get
43%
now
43%
said
43%
up
43%
wasn't
43%
Well
43%
and
29%
care
29%
No matching quizzes found
Score Distribution
Percent of People with Each Score
Percentile by Number Answered
Your Score History
You have not taken this quiz since the last reset